000 00710nam a22002055i 4500
001 158832
003 ES-MaACL
005 20230906211330.0
008 990118s1876 gw |||| | eng d
040 _aM-RABA
_bspa
_cM-RABA
_dCCPB | B
100 1 _aMarryat, Florence.
_9129539
245 1 2 _aA star and a heart to wich is added and utter impossibility /
_cby Florence Marryat.
250 _aCop. ed.
260 _aLeipzig :
_bBernhard Tauchnitz,
_c1876.
300 _a304 p. ;
_c17 cm.
490 1 _aCollection of british authors ;
_v1557
830 0 _aCollection of british authors ;
_v1557
_9180703
852 _aES-MaACL
_jG-11805
_z-- Enc. hol., conservando la enc. original
999 _c158832
_d158832